Quiz Pokémon en images - 7ème Génération - Statistiques

Statistiques générales
  • Ce quiz a été pris 80 fois
  • Le résultat moyen est 56 sur 88
Statistiques - réponses
Par images Réponse % Correct
Brindibou
98%
Flamiaou
96%
Archéduc
86%
Félinferno
86%
Otaquin
84%
Mimiqui
82%
Crabagarre
80%
Lougaroc
80%
Lunala
80%
Solgaleo
80%
Chelours
78%
Rocabot
78%
Efflèche
74%
Matoufeu
74%
Bacabouh
72%
Denticrisse
72%
Oratoria
72%
Togedemaru
72%
Trépassable
72%
Type:0
72%
Boumata
70%
Marshadow
70%
Tritox
70%
Picassaut
68%
Cosmovum
66%
Dodoala
66%
Froussardine
66%
Lucanon
66%
Meltan
66%
Necrozma
66%
Nounourson
66%
Silvallié
66%
Tokopisco
66%
Tokorico
66%
Tokotoro
66%
Zeraora
66%
Bazoucan
64%
Chrysapile
64%
Draïeul
64%
Magearna
64%
Malamandre
64%
Plumeline
64%
Vorastérie
64%
Argouste
62%
Cosmog
62%
Melmetal
62%
Mouscoto
62%
Sovkipou
62%
Sucreine
62%
Tiboudet
62%
Bébécaille
60%
Concombaffe
60%
Crabominable
60%
Ékaïser
60%
Gouroutan
60%
Katagami
60%
Prédastérie
60%
Sinistrail
60%
Spododo
60%
Bombydou
58%
Engloutyran
58%
Larvibule
58%
Manglouton
58%
Otarlette
58%
Tokopiyon
58%
Câblifère
56%
Croquine
56%
Piclairon
56%
Tarenbulle
56%
Bamboiselle
54%
Bourrinos
54%
Mimantis
54%
Sarmuraï
54%
Araqua
52%
Ama-Ama
50%
Écaïd
50%
Floramantis
50%
Guérilande
50%
Météno
50%
Vémini
50%
Lampignon
48%
Zéroïd
48%
Candine
46%
Rubombelle
44%
Mandrillon
42%
Quartermac
42%
Cancrelove
40%
Pierroteknik
38%
Aucun quiz correspondant
Distribution des résultats
% des personnes avec chaque résultat
Percentile par nombre de réponses
Votre historique - résultats
Vous n’avez pas pris ce quiz